000 00975cas a2200313 4500
001 data
005 20260322212109.0
008 data
035 _a11172709
906 _a7
_bcbc
_cserials
_d4
_encip
_f19
_gn-oclcserc
010 _a 73646019
035 _a(OCoLC)1788496
040 _aDLC
_beng
_cDLC
_dOCLCQ
_dOCLCQ
_dOCLCF
_dOCLCQ
042 _apcc
050 0 0 _aBR45
_b.R58
245 0 0 _aRevista diálogo.
260 _a[Rio de Janeiro],
_b[Seminário Teológico da Igreja Episcopal do Brasil]
300 _c24 cm
336 _atext
_btxt
_2rdacontent
337 _aunmediated
_bn
_2rdamedia
590 _aSERBIB/SERLOC merged record
650 0 _aTheology.
650 7 _aTheology.
_2fast
_0(OCoLC)fst01149559
710 2 _aSeminario Teológico da Igreja Episcopal do Brasil.
890 _aRevista; diálogo. (Seminário Teológico da Igreja Episcopal do Brasil)
_i73-646019
920 _aKeep 1
991 _bc-GenColl
_hBR45
_i.R58
_wSERIALS
992 _bSER
_wSERLOC
999 _c1628
_d1628